Cosas que ya no existen
Gardado en:
| Autor Principal: | |
|---|---|
| Formato: | Libro |
| Idioma: | Lingua castelá |
| Publicado: |
Barcelona
Lumen
2001
|
| Series: | Palabra en el Tiempo, 296
|
| Subjects: | |
| Tags: |
Engadir etiqueta
Sen Etiquetas, Sexa o primeiro en etiquetar este rexistro!
|
MARC
| LEADER | 00000nam a2200000 a 4500 | ||
|---|---|---|---|
| 001 | UCM4716 | ||
| 003 | CL-VaPUC | ||
| 008 | 020830e20010000SP |||||||||||||||||spa|d | ||
| 082 | 0 | 4 | |a 863 |b FER |2 21 |
| 100 | 0 | |a Fernández Cubas, Cristina |e author |9 471138 | |
| 245 | 1 | 0 | |a Cosas que ya no existen |
| 300 | |a 262 p | ||
| 942 | |c BK | ||
| 945 | |d 20020830 00:00:00 |a cmena | ||
| 260 | |a Barcelona |b Lumen |c 2001 | ||
| 650 | 0 | |a Novelas españolas |9 265052 | |
| 650 | 0 | |a Literatura española |9 306261 | |
| 583 | |a last modification |c 20020830 00:00:00 |k Rodrigo Vera | ||
| 490 | 0 | |a Palabra en el Tiempo, 296 | |
| 999 | |c 301231 |d 301229 | ||
| 952 | |0 0 |1 0 |4 0 |6 863_000000000000000_FER_2001 |7 0 |8 A |9 360011 |a BIBEDU |b BIBEDU |c ES_NOD |d 2019-11-21 |i 3790878 |o 863 FER 2001 |p 3790878 |r 2023-08-09 |w 2019-11-21 |y BK |k LIT | ||